| 000 | 00557nam a2200193 a 4500 | ||
|---|---|---|---|
| 001 | 8192 | ||
| 003 | CO-ViMGA | ||
| 008 | 141112s2004 ck r 000 u spa d | ||
| 020 | _a9586391175 | ||
| 040 |
_aCO-ViMGA _bspa _cCO-ViMGA |
||
| 082 | 0 | 4 | _aCo863.44 R65e |
| 100 | 1 |
_aRomero, Flor _97966 |
|
| 245 | 1 | 0 |
_aEsperame en el cielo corazon / _cRomero Flor |
| 260 |
_aBogotá, _cGrijalbo, _c1995 |
||
| 300 | _a220 p. | ||
| 590 | _aForma de adquisición : Donacion - - Proveedor : Luis Ángel Arango | ||
| 650 | 1 | 4 |
_aCuentos colombianos _97967 |
| 942 |
_2ddc _cBK |
||
| 999 |
_c20004 _d20004 |
||